00792 2200253 4500001002100000005001500021035002500036090002100061245014700082260004000229300002500269008004100294020001800335040001700353082001600370084001800386100003000404250002000434650002400454700002300478850001200501041000800513990001700521INLIS00000000002211720181029121329 a0010-081600000000474 aPK 297.261 MUH e10aEngkau hanya Jibril , Akulah Muhammad :bMenghadirkan ruh kenabian melesatkan kecerdasan Jiwa /cMuhammad Muhyidin; editor, Abdul Qodir Shaleh aYogyakarta :bAr- Ruzz Media,c2004 a164 halaman ;c21 cm160823s2004 yoi g | ind d a979-25-4401-1 aYOPDYOGbind04223a297.261 a297.261 MUH e0 aMuhammad Muhyidin,d1975- aCetakan I, 2004 4aIslam dan Psikologi0 aAbdul Qodir Shaleh aYOPDYOG0 aind a1032-PK/B.09